000 00650nam a2200217 i 4500
001 81743
003 ES-MaACL
005 20251110063222.0
007 t|
008 041105s1910 fr ||||1| fre d
100 1 _aHymans, Henri,
_d1836-1912
_964882
245 1 0 _aBruxelles /
_cHenri Hymans.
260 _a[S.l. :
_bs.n.,
_c1910] (
_eEvreux :
_fCh. Herissey)
300 _a188 p. :
_bil. ;
_c26 cm.
490 1 _aLes villes d'art celebres
650 7 _aArte belga
_2embne
_9162168
651 4 _aBruselas-
_xDescripción.
_9140971
830 0 _aLes villes d'art celebres
_9181445
852 _aES-MaACL
_jF-2098
999 _c81743
_d81743